Les 10 meilleurs clubs de football en Europe 2025 - Statistiques

Statistiques générales
  • Ce quiz a été pris 5 806 fois
    3 968 depuis la dernière actualisation
  • Le résultat moyen est 7 sur 10
Réponses sur la Carte
Les réponses sont colorées sur une échelle allant du rouge au vert en fonction du pourcentage des utilisateurs qui les ont devinées à leur premier essai. Vous pouvez retrouver ces pourcentages ci-dessous.
 
Statistiques - réponses
Rang Club % Correct
2 Real Madrid
99%
6 Paris Saint-Germain
97%
1 Manchester City
91%
3 Bayern Munich
90%
4 Liverpool
86%
10 Inter Milan
82%
8 Borussia Dortmund
71%
9 Chelsea
66%
5 Rome
25%
7 Villarreal
6%
Aucun quiz correspondant
Distribution des résultats
% des personnes avec chaque résultat
Percentile par nombre de réponses
Votre historique - résultats
Vous n’avez pas pris ce quiz depuis la dernière actualisation